| 000 | 00604nam a2200157 i 4500 | ||
|---|---|---|---|
| 001 | 153697 | ||
| 003 | ES-MaACL | ||
| 005 | 20230906205339.0 | ||
| 008 | 990701s1889 sp |||| | spa d | ||
| 040 |
_aAS _bspa _cCCPB | 3D |
||
| 110 | 2 |
_aEscuela de Artes y Oficios de Gijón. _9134363 |
|
| 245 | 1 | 0 | _aMemoria y discurso inaugural leídos en la solemne apertura del curso de 1888 a 1889. |
| 260 |
_aGijón : _b[s.n.], _c1889 ( _fImp. y Lit. de Torre y Comp.) |
||
| 300 |
_a23, [6] p. ; _c25 cm. |
||
| 852 |
_aES-MaACL _jT-567-F-3 _z-- Enc. hol., conservando la cub. original _z-- Enc. en un vol. facticio |
||
| 999 |
_c153697 _d153697 |
||